Flags of Cities - Statistics

General Stats
  • This quiz has been taken 183 times
  • The average score is 11 of 20
Answer Stats
Picture Hint Answer % Correct
North America New York City
79%
North America Toronto
78%
Europe Barcelona
68%
Oceania Sydney
68%
Asia Tokyo
67%
Africa Cairo
66%
Europe Paris
63%
South America São Paulo
57%
North America Washington, D.C.
55%
Europe Moscow
52%
Asia Seoul
52%
Asia Bangkok
49%
Asia Jakarta
49%
South America Buenos Aires
45%
South America Rio de Janeiro
44%
Africa Johannesburg
43%
Europe Madrid
43%
North America Mexico City
35%
South America Lima
32%
Asia Osaka
29%
No matching quizzes found
Score Distribution
Percent of People with Each Score
Percentile by Number Answered
Your Score History
You have not taken this quiz